000 00611nam a2200229 a 4500
999 _c5761
_d5761
001 5761
003 BD-JhCC
005 20171221090508.0
008 171221s19611963e a|||| || | 001 0 eng d
035 _a(BD-JhCC)5761
040 _aBD-JhCC
_dBD-JhCC
041 _aeng
082 _a428
_bYGL 1963
100 _aYglesias, J. R. C.
245 _aPleasure in English /
_cYglesias, J. R. C. and G. Fielden Hughes
260 _aLondon :
_bLongmans, Green and CO Ltd,
_c1963.
300 _a167 p. :
_c18 cm.
650 _aEnglish Language
700 _aHughes, G. Fielden
942 _2ddc
_cBK